Capital to Country - South America - Statistics

General Stats
  • This quiz has been taken 187 times
  • The average score is 12 of 12
Answer Stats
Hint Answer % Correct
Brasilia Brazil
100%
Bogotá Colombia
100%
Lima Peru
100%
Buenos Aires Argentina
99%
Santiago Chile
99%
Asunción Paraguay
99%
Quito Ecuador
98%
Caracas Venezuela
98%
Sucre/La Paz Bolivia
97%
Montevideo Uruguay
97%
Georgetown Guyana
96%
Paramaribo Suriname
96%
No matching quizzes found
Score Distribution
Percent of People with Each Score
Percentile by Number Answered
Your Score History
You have not taken this quiz